Normal görünüm
MARC görünümü
Giriş Personal Name
001 - CONTROL NUMBER
- control field: 3208
003 - CONTROL NUMBER IDENTIFIER
- control field: TR-AnABB
005 - DATE AND TIME OF LATEST TRANSACTION
- control field: 20260330114030.0
008 - FIXED-LENGTH DATA ELEMENTS
- fixed length control field: 260330|| aca||aabn | a|a d
040 ## - CATALOGING SOURCE
- Original cataloging agency: TR-AnABB
- Transcribing agency: TR-AnABB
100 ## - HEADING--PERSONAL NAME
- Personal name: Doğan, Gürkan
670 ## - SOURCE DATA FOUND
- Source citation: Koha: (TR-AnABB)10085: Kocaman, Ahmet 3203, Söylem üzerine /, 1996
